Slovenskí investori a vstup do eurozóny pokračovanie z minulého čísla

Charakteristika úspor a ich smerovanie. Zmeny v štruktúre investícií. Popis dvoch veľkých skupín finančných nástrojov, akcií a úrokových nástrojov. Tienisté stránky prevahy úrokových aktív. Rozvoj úverových produktov.

Na minha lista:
Detalhes bibliográficos
Autor principal: Baláž, Vladimír
Formato: Capítulo de Livro
Idioma:eslovaco
Assuntos:
Tags: Adicionar Tag
Sem tags, seja o primeiro a adicionar uma tag!

MARC

LEADER 00000naa$a2200000$$$4500
001 0059950
005 20231019084821.6
041 0 |a slo 
044 |a SK 
245 1 0 |a Slovenskí investori a vstup do eurozóny  |b pokračovanie z minulého čísla  |c Vladimír Baláž 
520 |a Charakteristika úspor a ich smerovanie. Zmeny v štruktúre investícií. Popis dvoch veľkých skupín finančných nástrojov, akcií a úrokových nástrojov. Tienisté stránky prevahy úrokových aktív. Rozvoj úverových produktov. 
610 2 0 |a investori 
610 2 0 |a eurozóna 
610 2 0 |a úspory 
610 2 0 |a akcie 
610 2 0 |a úver 
100 1 |a Baláž, Vladimír